[Event "17. Open de Sants Hostafrancs 2015"]
[Site "Barcelona ESP"]
[Date "2015.08.25"]
[Round "5.1"]
[White "Piorun, Kacper"]
[Black "Dourerassou, Jonathan"]
[Result "1-0"]
[WhiteElo "2592"]
[BlackElo "2436"]
[PlyCount "85"]
[EventDate "2015.08.21"]
[EventType "swiss"]
[EventRounds "10"]
[EventCountry "ESP"]
[SourceTitle "Ajedrez en Madrid"]
[Source "lmi"]
[SourceDate "2015.08.21"]
[WhiteClock "0:17:27"]
[BlackClock "0:37:05"]

1. e4 c5 2. Nf3 Nc6 3. d4 cxd4 4. Nxd4 Nf6 5. Nc3 e5 6. Ndb5 d6 7. Bg5 a6 8.
Na3 b5 9. Nd5 Be7 10. Bxf6 Bxf6 11. c3 O-O 12. Nc2 Bg5 13. a4 bxa4 14. Rxa4 Bb7
15. Bc4 Na5 16. Ba2 Bc6 17. Ra3 Bb5 18. h4 Bh6 19. Nce3 Bxe3 20. Nxe3 Nb7 21.
Bd5 Rb8 22. c4 Bd7 23. Bxb7 Rxb7 24. Rxa6 Rxb2 25. O-O Rb6 26. Qa1 Rxa6 27.
Qxa6 Bc8 28. Qc6 Qxh4 29. Rd1 Be6 30. Rxd6 h6 31. Qb7 Qh5 32. c5 Qe2 33. Rd1
Kh7 34. c6 f5 35. Qb4 f4 36. Qxf8 fxe3 37. Rf1 Qc2 38. Qd6 Bc4 39. fxe3 Qxe4
40. Rf3 Bd5 41. c7 Bb7 42. Qe6 Qb1+ 43. Rf1 1-0

[Event "17. Open de Sants Hostafrancs 2015"]
[Site "Barcelona ESP"]
[Date "2015.08.25"]
[Round "5.2"]
[White "Dvirnyy, Danyyil"]
[Black "Stella, Andrea"]
[Result "1-0"]
[WhiteElo "2545"]
[BlackElo "2423"]
[PlyCount "59"]
[EventDate "2015.08.21"]
[EventType "swiss"]
[EventRounds "10"]
[EventCountry "ESP"]
[SourceTitle "Ajedrez en Madrid"]
[Source "lmi"]
[SourceDate "2015.08.21"]
[WhiteClock "0:07:06"]
[BlackClock "0:23:21"]

1. b3 c5 2. Bb2 d6 3. e3 e5 4. d4 cxd4 5. exd4 e4 6. d5 Nf6 7. Nc3 Qb6 8. Qe2
Bf5 9. f3 e3 10. O-O-O Be7 11. g4 Bd7 12. h4 Na6 13. Bh3 Rc8 14. g5 Nh5 15.
Bxd7+ Kxd7 16. f4 g6 17. Qg4+ Kc7 18. f5 Rhe8 19. Nge2 Kb8 20. Rhf1 Bf8 21. f6
Qc7 22. Rd4 Nc5 23. a4 Nd7 24. Rc4 Qd8 25. Re4 Nc5 26. Rxe8 Qxe8 27. Rf3 h6 28.
Kb1 hxg5 29. hxg5 Qe5 30. Bc1 1-0

[Event "17. Open de Sants Hostafrancs 2015"]
[Site "Barcelona ESP"]
[Date "2015.08.25"]
[Round "5.3"]
[White "Bailet, Pierre"]
[Black "Akesson, Ralf"]
[Result "1-0"]
[WhiteElo "2502"]
[BlackElo "2418"]
[PlyCount "87"]
[EventDate "2015.08.21"]
[EventType "swiss"]
[EventRounds "10"]
[EventCountry "ESP"]
[SourceTitle "Ajedrez en Madrid"]
[Source "lmi"]
[SourceDate "2015.08.21"]
[WhiteClock "0:25:13"]
[BlackClock "0:40:33"]

1. e4 c5 2. Nc3 Nc6 3. Nf3 e6 4. Bb5 Nge7 5. O-O a6 6. Bxc6 Nxc6 7. d4 cxd4 8.
Nxd4 d6 9. Re1 Be7 10. Nxc6 bxc6 11. Qg4 g6 12. e5 d5 13. Bh6 Rb8 14. Rad1 Qa5
15. Bg5 h5 16. Qf4 Rb4 17. Qd2 Bxg5 18. Qxg5 Qd8 19. Qd2 Qe7 20. b3 c5 21. Na4
h4 22. a3 Rb7 23. h3 Kf8 24. Nb2 Kg7 25. Nd3 Rc7 26. b4 cxb4 27. axb4 Bd7 28.
Nc5 Bb5 29. Ra1 Rc6 30. c3 Rh5 31. Re3 Bc4 32. Qd4 Rf5 33. Rf3 Rxf3 34. gxf3
Qg5+ 35. Kh2 Qf5 36. f4 Rc8 37. Rg1 Rh8 38. Rg5 Qc2 39. f5 exf5 40. e6+ f6 41.
Nd7 Kh6 42. Rxg6+ Kxg6 43. Qxf6+ Kh7 44. Qxh4+ 1-0

[Event "17. Open de Sants Hostafrancs 2015"]
[Site "Barcelona ESP"]
[Date "2015.08.25"]
[Round "5.4"]
[White "Sturt, Raven M"]
[Black "Potkin, Vladimir"]
[Result "1/2-1/2"]
[WhiteElo "2282"]
[BlackElo "2599"]
[PlyCount "93"]
[EventDate "2015.08.21"]
[EventType "swiss"]
[EventRounds "10"]
[EventCountry "ESP"]
[SourceTitle "Ajedrez en Madrid"]
[Source "lmi"]
[SourceDate "2015.08.21"]
[WhiteClock "0:03:47"]
[BlackClock "0:24:58"]

1. e4 c5 2. Nf3 e6 3. d3 Nc6 4. g3 d5 5. Nbd2 Nf6 6. Bg2 g6 7. O-O Bg7 8. exd5
Nxd5 9. Ne4 b6 10. Bg5 f6 11. Bd2 O-O 12. Re1 e5 13. Qc1 Bb7 14. Bh6 Qd7 15.
Bxg7 Kxg7 16. h4 h6 17. Ned2 Rad8 18. Nc4 Nd4 19. Qd1 Nb4 20. Ne3 Rfe8 21. a3
Nd5 22. Kh2 Bc6 23. h5 g5 24. Nxd4 cxd4 25. Bh3 Qb7 26. Nf5+ Kh7 27. Qg4 Ne7
28. Nxe7 Qxe7 29. Qf5+ Kh8 30. f4 Bd7 31. Qg6 Qg7 32. Qxg7+ Kxg7 33. fxe5 fxe5
34. Bxd7 Rxd7 35. Kh3 Rc7 36. Re2 a5 37. Rf1 Rf7 38. Rfe1 Rf5 39. Kg4 Kf6 40.
b4 a4 41. b5 Ke6 42. Re4 Rd8 43. R4e2 Rdf8 44. Re4 Kd5 45. R1e2 R8f6 46. Re1
Rf8 47. R1e2 1/2-1/2

[Event "17. Open de Sants Hostafrancs 2015"]
[Site "Barcelona ESP"]
[Date "2015.08.25"]
[Round "5.5"]
[White "Bellia, Fabrizio"]
[Black "Cori, Jorge"]
[Result "1/2-1/2"]
[WhiteElo "2461"]
[BlackElo "2635"]
[PlyCount "60"]
[EventDate "2015.08.21"]
[EventType "swiss"]
[EventRounds "10"]
[EventCountry "ESP"]
[SourceTitle "Ajedrez en Madrid"]
[Source "lmi"]
[SourceDate "2015.08.21"]
[WhiteClock "0:07:07"]
[BlackClock "0:33:05"]

1. d4 Nf6 2. Nf3 e6 3. e3 b6 4. Bd3 Bb7 5. O-O c5 6. c4 d5 7. b3 cxd4 8. exd4
Bd6 9. Bb2 O-O 10. Nbd2 Nc6 11. Qe2 Rc8 12. Rfd1 Bf4 13. Ne5 dxc4 14. Ndxc4 Nb4
15. Bb1 Nbd5 16. a4 Bh6 17. g3 g6 18. Qe1 Re8 19. Ba3 Bf8 20. Bxf8 Rxf8 21. Bd3
Ne7 22. Be2 Nf5 23. Bf3 Bxf3 24. Nxf3 Qd5 25. Rd3 Rfd8 26. Rad1 h5 27. h3 Kg7
28. Qe5 Qxe5 29. dxe5 Nd5 30. Ng5 Rc6 1/2-1/2

[Event "17. Open de Sants Hostafrancs 2015"]
[Site "Barcelona ESP"]
[Date "2015.08.25"]
[Round "5.6"]
[White "Galego, Luis"]
[Black "Vocaturo, Daniele"]
[Result "1/2-1/2"]
[WhiteElo "2454"]
[BlackElo "2578"]
[PlyCount "64"]
[EventDate "2015.08.21"]
[EventType "swiss"]
[EventRounds "10"]
[EventCountry "ESP"]
[SourceTitle "Ajedrez en Madrid"]
[Source "lmi"]
[SourceDate "2015.08.21"]
[WhiteClock "0:34:57"]
[BlackClock "0:17:34"]

1. Nf3 Nf6 2. c4 g6 3. g3 Bg7 4. Bg2 O-O 5. O-O d6 6. Nc3 Nc6 7. d3 e5 8. Rb1
a5 9. a3 Nd4 10. Nxd4 exd4 11. Nd5 Nd7 12. b4 axb4 13. axb4 c6 14. Nf4 Nb6 15.
Qc2 Bd7 16. Bd2 Re8 17. Rfe1 Qc7 18. Bf3 Bf5 19. b5 Na4 20. bxc6 bxc6 21. Ra1
Nc5 22. Rxa8 Rxa8 23. Rb1 h5 24. h4 Nd7 25. Bg2 Bf6 26. Qb2 Ne5 27. Ra1 Rb8 28.
Qc1 Kg7 29. Nh3 Bg4 30. Nf4 Bf5 31. Nh3 Bg4 32. Nf4 Bf5 1/2-1/2

[Event "17. Open de Sants Hostafrancs 2015"]
[Site "Barcelona ESP"]
[Date "2015.08.25"]
[Round "5.7"]
[White "Dragun, Kamil"]
[Black "Valsecchi, Alessio"]
[Result "1/2-1/2"]
[WhiteElo "2572"]
[BlackElo "2459"]
[PlyCount "61"]
[EventDate "2015.08.21"]
[EventType "swiss"]
[EventRounds "10"]
[EventCountry "ESP"]
[SourceTitle "Ajedrez en Madrid"]
[Source "lmi"]
[SourceDate "2015.08.21"]
[WhiteClock "0:11:47"]
[BlackClock "0:04:00"]

1. d4 Nf6 2. c4 g6 3. Nc3 d5 4. Bf4 Bg7 5. e3 O-O 6. Rc1 Be6 7. c5 Nh5 8. Bg5
h6 9. Bh4 b6 10. b4 a5 11. a3 axb4 12. axb4 Nc6 13. b5 Na5 14. c6 Qd6 15. Bd3
f5 16. Nf3 Bf7 17. Bg3 Nxg3 18. hxg3 Nc4 19. Qc2 Ra5 20. O-O Rfa8 21. Rfd1 Qb4
22. Bxc4 dxc4 23. e4 fxe4 24. Qxe4 Qd6 25. Ne5 Rd8 26. Re1 Ra3 27. Qf3 Bxe5 28.
dxe5 Qe6 29. Qe2 Rd3 30. Qb2 Ra8 31. Qb4 1/2-1/2

[Event "17. Open de Sants Hostafrancs 2015"]
[Site "Barcelona ESP"]
[Date "2015.08.25"]
[Round "5.8"]
[White "Gallego Alcaraz, Andres Felipe"]
[Black "Nijboer, Friso"]
[Result "1/2-1/2"]
[WhiteElo "2443"]
[BlackElo "2566"]
[PlyCount "100"]
[EventDate "2015.08.21"]
[EventType "swiss"]
[EventRounds "10"]
[EventCountry "ESP"]
[SourceTitle "Ajedrez en Madrid"]
[Source "lmi"]
[SourceDate "2015.08.21"]
[WhiteClock "0:05:11"]
[BlackClock "0:17:12"]

1. d4 f5 2. c4 Nf6 3. g3 g6 4. Bg2 Bg7 5. Nf3 O-O 6. b4 c6 7. Bb2 d5 8. Nbd2 a5
9. a3 axb4 10. axb4 Rxa1 11. Qxa1 dxc4 12. Nxc4 Na6 13. Qa5 Nd5 14. b5 Qxa5+
15. Nxa5 cxb5 16. O-O e6 17. Ne5 Bxe5 18. dxe5 Nc5 19. Bxd5 exd5 20. Ba3 b6 21.
Rb1 Bd7 22. Nb3 Rc8 23. Nd4 Ra8 24. Bb4 Ne6 25. Nxe6 Bxe6 26. Bd6 d4 27. Rxb5
Bc4 28. Rb2 Kf7 29. f4 Ke6 30. Rxb6 Bxe2 31. Bb4+ Kd5 32. e6 g5 33. e7 Bh5 34.
fxg5 Ra1+ 35. Kf2 Ra2+ 36. Ke1 Re2+ 37. Kf1 d3 38. Rb8 Kc4 39. Rb6 Be8 40. h4
Re4 41. Bd2 Rxe7 42. Rb4+ Kd5 43. Rf4 Re5 44. Rf3 Kd4 45. Rf4+ Kc5 46. Bb4+ Kd5
47. Bd2 Ke6 48. Rf3 Bc6 49. Re3 Be4 50. Re1 Bf3 1/2-1/2

[Event "17. Open de Sants Hostafrancs 2015"]
[Site "Barcelona ESP"]
[Date "2015.08.25"]
[Round "5.9"]
[White "Peralta, Fernando"]
[Black "Vassallo Barroche, Mauricio"]
[Result "1-0"]
[WhiteElo "2564"]
[BlackElo "2430"]
[PlyCount "155"]
[EventDate "2015.08.21"]
[EventType "swiss"]
[EventRounds "10"]
[EventCountry "ESP"]
[SourceTitle "Ajedrez en Madrid"]
[Source "lmi"]
[SourceDate "2015.08.21"]
[WhiteClock "0:12:31"]
[BlackClock "0:02:58"]

1. d4 Nf6 2. c4 g6 3. Nc3 Bg7 4. e4 d6 5. Nf3 O-O 6. h3 e5 7. d5 Nh5 8. g3 f5
9. exf5 gxf5 10. Ng5 Nf6 11. g4 Na6 12. Ne6 Bxe6 13. dxe6 Ne4 14. Nxe4 fxe4 15.
Be3 Qf6 16. Qd5 Nc5 17. e7+ Rf7 18. Bxc5 dxc5 19. O-O-O Re8 20. Qxe4 Qf4+ 21.
Qxf4 exf4 22. Bg2 c6 23. Be4 Bd4 24. f3 Rfxe7 25. Kc2 Rd8 26. Rd3 Rd6 27. Re1
Rh6 28. Rh1 Rh4 29. b4 Kg7 30. bxc5 Bxc5 31. Rd8 Bb6 32. Rb8 Bc5 33. Rb1 b6 34.
Rh1 Rc7 35. a4 Be7 36. Kb3 Rh6 37. Bf5 Rh4 38. Be4 Rh6 39. Bf5 Rh4 40. Kc2 Rh6
41. Be4 Rh4 42. Bd3 Rh6 43. Bf5 Rh4 44. Kd3 Rh6 45. Ke2 Bb4 46. Rd8 Rd6 47.
Rxd6 Bxd6 48. Rd1 Be5 49. h4 h6 50. Be4 Bf6 51. Rd6 Kf7 52. Bf5 Re7+ 53. Kd1
Rc7 54. h5 Ke7 55. Re6+ Kf7 56. Rd6 Ke7 57. Re6+ Kf7 58. Re4 Bg5 59. Bg6+ Kf6
60. Re8 Rd7+ 61. Kc2 Re7 62. Rf8+ Kg7 63. Rc8 c5 64. Be4 Kf6 65. a5 Ke5 66. Rd8
Rc7 67. Rd5+ Ke6 68. a6 Ke7 69. Re5+ Kd8 70. Re6 Re7 71. Rg6 Kc7 72. Rg8 Kd6
73. Kb3 Ke5 74. Rd8 Rc7 75. Rd5+ Ke6 76. Ka4 Ke7 77. Bf5 Bf6 78. Kb5 1-0

[Event "17. Open de Sants Hostafrancs 2015"]
[Site "Barcelona ESP"]
[Date "2015.08.25"]
[Round "5.10"]
[White "Boruchovsky, Avital"]
[Black "Pile, Richard"]
[Result "1-0"]
[WhiteElo "2540"]
[BlackElo "2419"]
[PlyCount "95"]
[EventDate "2015.08.21"]
[EventType "swiss"]
[EventRounds "10"]
[EventCountry "ESP"]
[SourceTitle "Ajedrez en Madrid"]
[Source "lmi"]
[SourceDate "2015.08.21"]
[WhiteClock "0:34:11"]
[BlackClock "0:18:11"]

1. d4 Nf6 2. c4 e6 3. g3 Bb4+ 4. Bd2 a5 5. Bg2 d6 6. Nf3 Nbd7 7. O-O e5 8. e3
Bxd2 9. Qxd2 O-O 10. Nc3 Re8 11. Rad1 exd4 12. Nxd4 h5 13. Nde2 Nc5 14. Nf4 h4
15. Ncd5 Nfd7 16. b3 Ne5 17. e4 Bd7 18. Qc3 Bg4 19. f3 Bd7 20. Nh5 hxg3 21.
hxg3 c6 22. Ndf6+ gxf6 23. Qe3 Re6 24. Bh3 Qf8 25. Kg2 Rae8 26. Rh1 f5 27. Bxf5
Rg6 28. Qf4 Ne6 29. Qh4 Qe7 30. Bxg6 Qxh4 31. gxh4 fxg6 32. Nf6+ Kf7 33. Nxe8
Bxe8 34. Rxd6 Ke7 35. Rd2 c5 36. Rhd1 Nc6 37. Kf2 Ncd4 38. Ke3 Kf6 39. f4 Bc6
40. Rg1 b6 41. Rg3 Bb7 42. Rdg2 Nf8 43. h5 gxh5 44. Rg8 Nd7 45. e5+ Kf5 46.
R2g5+ Ke6 47. R5g6+ Ke7 48. R6g7+ 1-0

[Event "17. Open de Sants Hostafrancs 2015"]
[Site "Barcelona ESP"]
[Date "2015.08.25"]
[Round "5.11"]
[White "Carstensen, Jacob"]
[Black "Libiszewski, Fabien"]
[Result "1/2-1/2"]
[WhiteElo "2336"]
[BlackElo "2533"]
[PlyCount "65"]
[EventDate "2015.08.21"]
[EventType "swiss"]
[EventRounds "10"]
[EventCountry "ESP"]
[SourceTitle "Ajedrez en Madrid"]
[Source "lmi"]
[SourceDate "2015.08.21"]
[WhiteClock "0:03:14"]
[BlackClock "0:24:42"]

1. d4 Nf6 2. c4 g6 3. Nc3 Bg7 4. e4 d6 5. Nf3 O-O 6. Be2 Nbd7 7. O-O e5 8. Be3
Qe7 9. Qc2 c6 10. Rad1 h6 11. h3 exd4 12. Bxd4 Re8 13. Rfe1 Ne5 14. Rd2 b6 15.
Red1 Ned7 16. Qa4 Bb7 17. Bd3 a6 18. Qc2 b5 19. b3 b4 20. Na4 c5 21. Bb2 Nxe4
22. Re2 f5 23. Nd2 Bxb2 24. Nxb2 Qe5 25. Bxe4 fxe4 26. Nf1 Re6 27. Qd2 Kh7 28.
Nd3 Qg5 29. Nf4 Rf6 30. Nd5 Bxd5 31. Qxg5 hxg5 32. Rxd5 Re8 33. Rxg5 1/2-1/2

[Event "17. Open de Sants Hostafrancs 2015"]
[Site "Barcelona ESP"]
[Date "2015.08.25"]
[Round "5.12"]
[White "Blomqvist, Erik"]
[Black "Roser, Kevin"]
[Result "1-0"]
[WhiteElo "2508"]
[BlackElo "2404"]
[PlyCount "95"]
[EventDate "2015.08.21"]
[EventType "swiss"]
[EventRounds "10"]
[EventCountry "ESP"]
[SourceTitle "Ajedrez en Madrid"]
[Source "lmi"]
[SourceDate "2015.08.21"]
[WhiteClock "0:30:14"]
[BlackClock "0:24:53"]

1. e4 c5 2. Nf3 e6 3. d4 cxd4 4. Nxd4 Nc6 5. Nc3 Qc7 6. Qd3 a6 7. Nxc6 bxc6 8.
Qg3 Qxg3 9. hxg3 d5 10. Na4 Rb8 11. exd5 cxd5 12. Bf4 Rb4 13. b3 e5 14. Be3 Nf6
15. f3 Rb8 16. c3 Nd7 17. g4 g6 18. Bd3 Bg7 19. O-O-O O-O 20. Rh4 Re8 21. g5
Bb7 22. Rdh1 Bc6 23. Nc5 e4 24. fxe4 Nxc5 25. Bxc5 Bxc3 26. Rxh7 Bb5 27. Kc2
Be5 28. exd5 Rbc8 29. b4 Red8 30. Bxb5 axb5 31. R7h3 Rxd5 32. Rd3 Rxd3 33. Kxd3
Ra8 34. Re1 Ra3+ 35. Ke4 f6 36. Re2 Kf7 37. Kd5 Ra6 38. g4 Bf4 39. Re7+ Kg8 40.
gxf6 Rxf6 41. Re8+ Kf7 42. Rf8+ Kg7 43. Bd4 Kxf8 44. Bxf6 Kf7 45. g5 Bd2 46.
Kc5 Ke6 47. Kxb5 Kf5 48. a4 1-0

[Event "17. Open de Sants Hostafrancs 2015"]
[Site "Barcelona ESP"]
[Date "2015.08.25"]
[Round "5.13"]
[White "Schroeder, Jan-Christian"]
[Black "Admiraal, Miguoel"]
[Result "0-1"]
[WhiteElo "2473"]
[BlackElo "2414"]
[PlyCount "100"]
[EventDate "2015.08.21"]
[EventType "swiss"]
[EventRounds "10"]
[EventCountry "ESP"]
[SourceTitle "Ajedrez en Madrid"]
[Source "lmi"]
[SourceDate "2015.08.21"]

1. e4 c5 2. Nf3 e6 3. d4 cxd4 4. Nxd4 Nc6 5. Nc3 d6 6. g3 Nf6 7. Bg2 Bd7 8. O-O
a6 9. Nb3 b5 10. a3 Be7 11. Qe2 Qc7 12. f4 O-O 13. Be3 h6 14. g4 Nh7 15. Rad1
Rab8 16. Bf2 b4 17. axb4 Nxb4 18. h4 a5 19. Nd4 e5 20. Nf5 Bxf5 21. exf5 exf4
22. Rfe1 Rbe8 23. Qd2 Qd8 24. Nb5 Bxh4 25. Rxe8 Rxe8 26. Nxd6 Bxf2+ 27. Qxf2
Nf6 28. Bf3 Re3 29. Nc4 Qc7 30. Nxe3 fxe3 31. Qg2 Nxc2 32. Rc1 e2 33. Qxe2 Qb6+
34. Qf2 Nd4 35. Kg2 Qb4 36. Rd1 Nxf3 37. Qxf3 Qxb2+ 38. Kh3 Kh7 39. Rd8 Qb4 40.
Rd3 a4 41. Re3 Qb1 42. Kg2 a3 43. Rxa3 Nxg4 44. Kg3 Ne5 45. Qf2 Qb4 46. Re3
Qg4+ 47. Kh2 Qh5+ 48. Kg1 Qd1+ 49. Kg2 Ng4 50. Re1 Nxf2 0-1

[Event "17. Open de Sants Hostafrancs 2015"]
[Site "Barcelona ESP"]
[Date "2015.08.25"]
[Round "5.14"]
[White "Vehi Bach, Victor Manuel"]
[Black "Burmakin, Vladimir"]
[Result "0-1"]
[WhiteElo "2330"]
[BlackElo "2558"]
[PlyCount "48"]
[EventDate "2015.08.21"]
[EventType "swiss"]
[EventRounds "10"]
[EventCountry "ESP"]
[SourceTitle "Ajedrez en Madrid"]
[Source "lmi"]
[SourceDate "2015.08.21"]
[WhiteClock "0:13:24"]
[BlackClock "0:06:01"]

1. e4 c6 2. d4 d5 3. e5 Bf5 4. Nd2 e6 5. Nb3 Ne7 6. Nf3 Nc8 7. a4 Nb6 8. Be2
Be7 9. a5 N6d7 10. O-O O-O 11. c4 dxc4 12. Nbd2 c5 13. Nxc4 Nc6 14. Bf4 Be4 15.
Nfd2 Bd5 16. dxc5 Bxc5 17. Qb1 Bd4 18. Bd3 h6 19. Re1 f6 20. Ne3 Ndxe5 21. Bh7+
Kh8 22. Nxd5 Qxd5 23. Be4 Qb5 24. Ra2 Rad8 0-1

[Event "17. Open de Sants Hostafrancs 2015"]
[Site "Barcelona ESP"]
[Date "2015.08.25"]
[Round "5.15"]
[White "Bachmann, Axel"]
[Black "Delorme, Alban"]
[Result "1-0"]
[WhiteElo "2623"]
[BlackElo "2331"]
[PlyCount "81"]
[EventDate "2015.08.21"]
[EventType "swiss"]
[EventRounds "10"]
[EventCountry "ESP"]
[SourceTitle "Ajedrez en Madrid"]
[Source "lmi"]
[SourceDate "2015.08.21"]

1. d4 d5 2. Nf3 Nf6 3. c4 e6 4. Nc3 Be7 5. Bg5 h6 6. Bh4 O-O 7. e3 b6 8. Bxf6
Bxf6 9. cxd5 exd5 10. Be2 c5 11. O-O Nc6 12. dxc5 Bxc3 13. bxc3 bxc5 14. Qa4
Qf6 15. Rfd1 Rd8 16. Qa3 c4 17. Nd4 Ne5 18. Rd2 Qg6 19. Bf1 h5 20. Kh1 Ba6 21.
h3 Rd7 22. Rad1 Rad8 23. Be2 Rd6 24. Nf3 Nd3 25. Bxd3 cxd3 26. Ne5 Qf5 27. Nxd3
Bxd3 28. Rxd3 Qxf2 29. Qxa7 Rc8 30. R3d2 Qf6 31. Rxd5 Rxd5 32. Rxd5 Qxc3 33.
Rxh5 g6 34. Rd5 Qe1+ 35. Kh2 Qf2 36. a3 Qa2 37. Rc5 Rd8 38. Qe7 Rd2 39. Rc8+
Kg7 40. Qe5+ f6 41. Rc7+ 1-0

[Event "17. Open de Sants Hostafrancs 2015"]
[Site "Barcelona ESP"]
[Date "2015.08.25"]
[Round "5.16"]
[White "Lemeaux, David"]
[Black "Demuth, Adrien"]
[Result "1/2-1/2"]
[WhiteElo "2324"]
[BlackElo "2541"]
[PlyCount "48"]
[EventDate "2015.08.21"]
[EventType "swiss"]
[EventRounds "10"]
[EventCountry "ESP"]
[SourceTitle "Ajedrez en Madrid"]
[Source "lmi"]
[SourceDate "2015.08.21"]
[WhiteClock "1:05:41"]
[BlackClock "1:24:28"]

1. Nf3 Nf6 2. c4 g6 3. g3 Bg7 4. Bg2 O-O 5. O-O d6 6. d4 Nc6 7. Nc3 a6 8. d5
Na5 9. b3 Rb8 10. Nd4 Bd7 11. Bb2 c5 12. dxc6 bxc6 13. Qd2 c5 14. Nf3 Bc6 15.
Rac1 Qb6 16. Ba1 Ne4 17. Nxe4 Bxe4 18. Bxg7 Kxg7 19. Qc3+ Kg8 20. Qe3 Bxf3 21.
Bxf3 Rfe8 22. Qh6 Nc6 23. h4 Nd4 24. h5 Nf5 1/2-1/2

[Event "17. Open de Sants Hostafrancs 2015"]
[Site "Barcelona ESP"]
[Date "2015.08.25"]
[Round "5.17"]
[White "Aroshidze, Levan"]
[Black "Vidarte Morales, Arturo"]
[Result "1-0"]
[WhiteElo "2535"]
[BlackElo "2304"]
[PlyCount "57"]
[EventDate "2015.08.21"]
[EventType "swiss"]
[EventRounds "10"]
[EventCountry "ESP"]
[SourceTitle "Ajedrez en Madrid"]
[Source "lmi"]
[SourceDate "2015.08.21"]
[WhiteClock "1:25:10"]
[BlackClock "1:05:36"]

1. e4 c5 2. Nf3 e6 3. d4 cxd4 4. Nxd4 a6 5. Bd3 Bc5 6. Nb3 Be7 7. Be3 d6 8. f4
Qc7 9. Qf3 Nd7 10. N1d2 Ngf6 11. g4 g5 12. O-O-O h6 13. Kb1 b5 14. h4 gxf4 15.
Bxf4 h5 16. g5 Ng4 17. g6 Nde5 18. Bxe5 Nxe5 19. gxf7+ Kd7 20. Qh3 Qb6 21. Nf3
Ng4 22. Nfd4 Kc7 23. Be2 e5 24. Qc3+ Kd7 25. Bxg4+ hxg4 26. Nf5 Ke6 27. Rhf1
Bf8 28. Qg3 Kd7 29. Qxe5 1-0

[Event "17. Open de Sants Hostafrancs 2015"]
[Site "Barcelona ESP"]
[Date "2015.08.25"]
[Round "5.18"]
[White "Kanarek, Marcel"]
[Black "Arias Igual, Alejandro"]
[Result "1-0"]
[WhiteElo "2528"]
[BlackElo "2302"]
[PlyCount "97"]
[EventDate "2015.08.21"]
[EventType "swiss"]
[EventRounds "10"]
[EventCountry "ESP"]
[SourceTitle "Ajedrez en Madrid"]
[Source "lmi"]
[SourceDate "2015.08.21"]
[WhiteClock "0:04:26"]
[BlackClock "0:00:45"]

1. e4 c5 2. Nf3 Nc6 3. d4 cxd4 4. Nxd4 g6 5. Nc3 Bg7 6. Be3 Nf6 7. Bc4 O-O 8.
Bb3 a5 9. O-O a4 10. Nxa4 Nxe4 11. Nb5 d5 12. Bb6 Qd7 13. f3 Ne5 14. Nc7 Rxa4
15. fxe4 dxe4 16. Bxa4 Qxa4 17. Nd5 Be6 18. b3 Qa3 19. Rc1 Qd6 20. Nf6+ Bxf6
21. Qxd6 exd6 22. Rxf6 Nd7 23. Bd4 Nxf6 24. Bxf6 Rc8 25. Kf2 b5 26. Ke3 d5 27.
a4 bxa4 28. bxa4 Bd7 29. a5 Rc6 30. Bd4 g5 31. Rb1 f5 32. g3 Kf7 33. Rb7 Ke6
34. c3 h6 35. Ra7 Rc8 36. a6 Rf8 37. Rb7 f4+ 38. gxf4 gxf4+ 39. Kf2 e3+ 40. Kf3
Be8 41. Rb6+ Kf5 42. a7 Bh5+ 43. Kg2 f3+ 44. Kf1 Ke4 45. Rb8 Be8 46. Bxe3 Kxe3
47. c4 Rg8 48. a8=Q Bb5 49. cxb5 1-0

[Event "17. Open de Sants Hostafrancs 2015"]
[Site "Barcelona ESP"]
[Date "2015.08.25"]
[Round "5.19"]
[White "Villegas, Pierre"]
[Black "Riff, Jean-Noel"]
[Result "1/2-1/2"]
[WhiteElo "2323"]
[BlackElo "2519"]
[PlyCount "42"]
[EventDate "2015.08.21"]
[EventType "swiss"]
[EventRounds "10"]
[EventCountry "ESP"]
[SourceTitle "Ajedrez en Madrid"]
[Source "lmi"]
[SourceDate "2015.08.21"]

1. d4 e6 2. c4 Nf6 3. Nc3 Bb4 4. Qc2 O-O 5. Nf3 c5 6. dxc5 Na6 7. g3 Nxc5 8.
Bg2 Nce4 9. O-O Nxc3 10. bxc3 Bc5 11. e4 d6 12. e5 dxe5 13. Nxe5 Qc7 14. Qe2
Nd7 15. Bf4 Nxe5 16. Bxe5 Bd6 17. Rfe1 Bxe5 18. Qxe5 Qxe5 19. Rxe5 Rd8 20. Rb1
Rd7 21. Reb5 Rb8 1/2-1/2

[Event "17. Open de Sants Hostafrancs 2015"]
[Site "Barcelona ESP"]
[Date "2015.08.25"]
[Round "5.20"]
[White "Olivares Canelles, Francisco"]
[Black "Oliva Castaneda, Kevel"]
[Result "0-1"]
[WhiteElo "2305"]
[BlackElo "2488"]
[PlyCount "82"]
[EventDate "2015.08.21"]
[EventType "swiss"]
[EventRounds "10"]
[EventCountry "ESP"]
[SourceTitle "Ajedrez en Madrid"]
[Source "lmi"]
[SourceDate "2015.08.21"]

1. d4 d5 2. c4 c6 3. Nf3 Nf6 4. Nc3 dxc4 5. a4 Bf5 6. Ne5 Nbd7 7. Nxc4 Qc7 8.
g3 e5 9. dxe5 Nxe5 10. Bf4 Nfd7 11. Bg2 g5 12. Ne3 gxf4 13. Nxf5 O-O-O 14. Qc2
Nc5 15. O-O fxg3 16. hxg3 a5 17. Rad1 h5 18. Ne4 Nxe4 19. Qxe4 Re8 20. e3 Be7
21. Nxe7+ Qxe7 22. Rd4 h4 23. Bh3+ Kb8 24. g4 Rhg8 25. Kh1 Qc5 26. Qf5 Qb6 27.
b4 axb4 28. a5 Qb5 29. Rb1 b3 30. Bf1 Qxa5 31. Rxb3 Re7 32. Rdb4 Qd5+ 33. e4
Qd6 34. Be2 Ng6 35. Qa5 Kc8 36. Rxb7 Rxb7 37. Rxb7 Kxb7 38. Ba6+ Ka7 39. Bb5+
Kb8 40. Qb6+ Kc8 41. Bxc6 Ne7 0-1

[Event "17. Open de Sants Hostafrancs 2015"]
[Site "Barcelona ESP"]
[Date "2015.08.25"]
[Round "5.21"]
[White "Santarius, Erik F"]
[Black "Ducarmon, Quinten"]
[Result "1/2-1/2"]
[WhiteElo "2302"]
[BlackElo "2475"]
[PlyCount "86"]
[EventDate "2015.08.21"]
[EventType "swiss"]
[EventRounds "10"]
[EventCountry "ESP"]
[SourceTitle "Ajedrez en Madrid"]
[Source "lmi"]
[SourceDate "2015.08.21"]

1. d4 d5 2. c4 c6 3. Nc3 Nf6 4. cxd5 cxd5 5. Bf4 Nc6 6. e3 a6 7. Be2 Qb6 8. a3
e6 9. Qc2 Be7 10. h3 Ne4 11. Nf3 f5 12. Ne5 O-O 13. O-O Nxe5 14. Bxe5 Bd7 15.
Nxe4 fxe4 16. Bc7 Rac8 17. Rac1 Qa7 18. Qb3 Bc6 19. Bb6 Qb8 20. Bc5 Bd6 21.
Bxd6 Qxd6 22. Rc5 Rf7 23. Qb6 Qc7 24. Qxc7 Rfxc7 25. Rfc1 Kf7 26. f3 exf3 27.
gxf3 Ke7 28. Kf2 Kd6 29. Bd3 h6 30. h4 Rf8 31. Rg1 e5 32. Rg6+ Rf6 33. f4 exd4
34. exd4 Rxg6 35. Bxg6 Re7 36. Rc3 Re6 37. Bc2 Bb5 38. a4 Be8 39. Rc8 Bh5 40.
Bd3 Rf6 41. Kg3 Re6 42. Kf2 Rf6 43. Kg3 Re6 1/2-1/2